Communication : (Record no. 156596)

MARC details
000 -LEADER
fixed length control field 00569nam a22001817a 4500
005 - DATE AND TIME OF LATEST TRANSACTION
control field 20180829151310.0
010 ## - LCCN (DPL NO)
LC control number ENG-123789
020 ## - INTERNATIONAL STANDARD BOOK NUMBER
International Standard Book Number 9789383316021
Terms of availability 295.00
035 ## - SYSTEM CONTROL NUMBER
System control number EN-107321
037 ## - SOURCE OF ACQUISITION
Source of stock number/acquisition DBAD/PUB
082 ## - DEWEY DECIMAL CLASSIFICATION NUMBER
Classification number 302.230954
100 ## - MAIN ENTRY--PERSONAL NAME
Personal name Dharmendra Singh
245 ## - TITLE STATEMENT
Title Communication :
Statement of responsibility, etc by Dharmendra Singh
Remainder of title meta strategies /
260 ## - PUBLICATION, DISTRIBUTION, ETC. (IMPRINT)
Place of publication, distribution, etc New Delhi
Name of publisher, distributor, etc Gaurav Book Centre
Date of publication, distribution, etc 2017
270 ## - ADDRESS
Address 4832/24, Prahlad Lane, S-207, Ansari Road, Daryaganj,
City New Delhi
Postal code 110002
300 ## - PHYSICAL DESCRIPTION
Extent 73p.
Dimensions 22cm.(Hb)
942 ## - ADDED ENTRY ELEMENTS (KOHA)
Source of classification or shelving scheme Dewey Decimal Classification
Item type English Books
Classification part 302.230954
Call number suffix DHA
Holdings
Withdrawn status Lost status Not for loan Collection code Home library Current library Date acquired Source of acquisition Cost, normal purchase price Full call number Barcode Copy number Cost, replacement price Koha item type
    Not For Loan Non-fiction D.B.Act.Division Bawana 29/08/2018 DBAD/PUB 295.00 302.230954 DHA EN-107321 1 295.00 English Books

© Delhi Public Library
Hit Counter
free hit counter